Devět typických triků nigerijských podvodníků.

Cieľom článku je upozorniť na najčastejšie sa vyskytujúce prípady podvodov pri obchodovaní s Nigériou, poukázať na sféry, v ktorých nigérijské zločinecké organizácie pôsobia. Ilegálne finančné transakcie. Pasce na zahraničných obchodníkov. Falošné pozývacie listy a letenky. Sfalšované ponuky projekt...

Ausführliche Beschreibung

Gespeichert in:
Bibliographische Detailangaben
1. Verfasser: Moroz, I.
Weitere Verfasser: Bosák, J.
Format: Buchkapitel
Sprache:Tschechisch
Schlagworte:
Tags: Tag hinzufügen
Keine Tags, Fügen Sie das erste Tag hinzu!

MARC

LEADER 00000naa a2200000 4500
001 r009125
005 20220831083558.0
041 0 |a cze 
044 |a [CS] 
245 1 0 |a Devět typických triků nigerijských podvodníků.  |c I. Moroz, J. Bosák 
520 |a Cieľom článku je upozorniť na najčastejšie sa vyskytujúce prípady podvodov pri obchodovaní s Nigériou, poukázať na sféry, v ktorých nigérijské zločinecké organizácie pôsobia. Ilegálne finančné transakcie. Pasce na zahraničných obchodníkov. Falošné pozývacie listy a letenky. Sfalšované ponuky projektov. Fingované štátne zákazky. Vynútené predčasné zásielky. Cesty s falošnými pasmi. Podvody so vzorkami. Sfalšované akreditívy. Návod, ako sa chrániť. 
610 2 0 |a obchod zahraničný 
610 2 0 |a Nigéria 
610 2 0 |a kriminalita hospodárska 
610 2 0 |a partneri obchodní 
100 1 |a Moroz, I. 
700 1 |a Bosák, J.